| 000 | 00865nam a2200205 a 4500 | ||
|---|---|---|---|
| 008 | 120301s2009 ||||||||||||||||| || u | ||
| 020 | _a9780080449845 | ||
| 050 | _aREF RM 725 Ken | ||
| 100 | _aKenyon, Karen | ||
| 245 | 1 | 0 |
_aThe physiotherapist's pocketbook: essential facts at your fingertips _cby Karen Kenyon and Jonathan Kenyon |
| 260 |
_aOxford: _bChurchill Livingstone _c2009 |
||
| 300 | _axi, 369p.: ill. | ||
| 350 | _a0.00 | ||
| 650 | _aEXERCISE THERAPY--HANDBOOKS, MANUALS, ETC | ||
| 650 | _aEXERCISE THERAPY--METHODS--HANDBOOKS | ||
| 650 | _aPHYSICAL FITNESS--PHYSIOLOGY--HANDBOOKS | ||
| 650 | _aEXERCISE--PHYSIOLOGY--HANDBOOKS | ||
| 700 | _aKenyon, Jonathan | ||
| 995 |
_aMEDICAL LIBRARY OPEN ACCESS _e901664 _FCBU-SCHOOL OF MEDICINE LIBRARY (Ndola) _I0.00 _jREF RM 725 Ken _M1 _UAVAILABLE _WJun 13, 2012 _y901664 _ZMedical Library Open Access Collection |
||
| 999 |
_c32396 _d32396 |
||